En nombre de Dios, de España y de Franco : (Record no. 105633)

MARC details
000 -LEADER
campo de control de longitud fija 00935nam a2200253 i 4500
001 - NÚMERO DE CONTROL
campo de control 105633
003 - IDENTIFICADOR DE NÚMERO DE CONTROL
campo de control ES-MaACL
005 - FECHA Y HORA DE LA ÚLTIMA TRANSACCIÓN
campo de control 20230906183934.0
007 - CAMPO FIJO DE DESCRIPCIÓN FÍSICA--INFORMACIÓN GENERAL
campo de control de longitud fija t|
008 - DATOS DE LONGITUD FIJA--INFORMACIÓN GENERAL
campo de control de longitud fija 060731s1948 ag ||||1| spa d
080 ## - NÚMERO DE LA CLASIFICACIÓN DECIMAL UNIVERSAL
Número de la Clasificación Decimal Universal 929 Leiva, José E.
080 ## - NÚMERO DE LA CLASIFICACIÓN DECIMAL UNIVERSAL
Número de la Clasificación Decimal Universal 343.811(460)"1939/55"
080 ## - NÚMERO DE LA CLASIFICACIÓN DECIMAL UNIVERSAL
Número de la Clasificación Decimal Universal 94(460)"1939/75"(093.3)
100 1# - ENTRADA PRINCIPAL--NOMBRE DE PERSONA
Nombre de persona Leiva, José E.
9 (RLIN) 71410
245 10 - MENCIÓN DEL TÍTULO
Título En nombre de Dios, de España y de Franco :
Resto del título memorias de un condenado a muerte /
Mención de responsabilidad, etc. José E. Leiva ; prólogo de Fernando Valera.
260 ## - PUBLICACIÓN, DISTRIBUCIÓN, ETC.
Lugar de publicación, distribución, etc. Buenos Aires :
Nombre del editor, distribuidor, etc. Unión Socialista Libertaria,
Fecha de publicación, distribución, etc. 1948.
300 ## - DESCRIPCIÓN FÍSICA
Extensión 221 p. ;
Dimensiones 21 cm.
600 14 - PUNTO DE ACCESO ADICIONAL DE MATERIA--NOMBRE DE PERSONA
Nombre de persona Leiva, José E.
9 (RLIN) 71410
650 #4 - PUNTO DE ACCESO ADICIONAL DE MATERIA--TÉRMINO DE MATERIA
Término de materia o nombre geográfico como elemento de entrada Establecimientos penitenciarios-
Subdivisión geográfica España-
Subdivisión cronológica 1939-1975.
9 (RLIN) 12515
700 1# - ENTRADA AGREGADA--NOMBRE PERSONAL
Nombre de persona Valera, Fernando,
Fechas asociadas al nombre 1899-1982
9 (RLIN) 112637
710 2# - ENTRADA AGREGADA--NOMBRE DE ENTIDAD CORPORATIVA
Nombre de entidad corporativa o nombre de jurisdicción como elemento de entrada Unión Socialista Libertaria (Buenos Aires)
9 (RLIN) 172575
852 ## - LOCALIZACIÓN
Ubicación ES-MaACL
Número de control de estantería AND-436
Nota libre - Biblioteca Juan Andrade
Holdings
Estatus retirado Estado de pérdida Estado de daño No para préstamo Biblioteca de origen Biblioteca actual Ubicación en estantería Fecha de adquisición Fuente de adquisición Total de préstamos Signatura topográfica completa Código de barras Visto por última vez Precio de reemplazo Tipo de ítem Koha
        Biblioteca del Ateneo de Madrid Biblioteca del Ateneo de Madrid Depósito 2 17/01/2008     AND-436 1110284 23/02/2023 23/02/2023 Libro impreso